[Event "Santpedor op 5th"]
[Site "Santpedor"]
[Date "2001.??.??"]
[Round "5"]
[White "Capell Guix, Santiago"]
[Black "Canal, Jordi"]
[Result "1-0"]
[WhiteElo "1865"]
[BlackElo "1740"]
[PlyCount "85"]
[EventDate "2001.09.14"]
[EventType "swiss"]
[EventRounds "7"]
[EventCountry "ESP"]
[SourceTitle "EXT 2003"]
[Source "ChessBase"]
[SourceDate "2002.11.25"]
[SourceVersion "1"]
[SourceVersionDate "2002.11.25"]
[SourceQuality "1"]

1. e4 c5 2. Nc3 Nc6 3. Nf3 d6 4. d4 cxd4 5. Nxd4 g6 6. Bc4 Bg7 7. Nxc6 bxc6 8. Qf3 Nf6 9. e5 dxe5 10. Qxc6+ Bd7 11. Qf3 e4 12. Nxe4 Qa5+ 13. c3 Qe5 14. Bd3 Bc6 15. Bf4 Qe6 16. 0-0 Bxe4 17. Bxe4 Nxe4 18. Rfe1 f5 19. Qd3 Qb6 20. Be3 Qxb2 21. Qd5 Rd8 22. Qc6+ Kf8 23. Qc7 Re8 24. Red1 Qxc3 25. Qxa7 Kf7 26. Rac1 Ra8 27. Qb7 Qe5 28. Bd4 Qb8 29. Qd5+ Kf8 30. Rb1 Qe8 31. Rb7 Bxd4 32. Qxd4 Rg8 33. Re1 Rxa2 34. f3 Rd2 35. Qb4 Rg7 36. fxe4 Rd8 37. exf5 gxf5 38. Qa5 Rd7 39. Qxf5+ Rf7 40. Qxd7 Qa8 41. Qb5 Kg7 42. Qe5+ Kf8 43. Reb1 1-0

[Event "Santpedor op 5th"]
[Site "Santpedor"]
[Date "2001.??.??"]
[Round "3"]
[White "Gallego Tamaral, Daniel"]
[Black "Canal, Jordi"]
[Result "1-0"]
[WhiteElo "1875"]
[BlackElo "1740"]
[PlyCount "43"]
[EventDate "2001.09.14"]
[EventType "swiss"]
[EventRounds "7"]
[EventCountry "ESP"]
[SourceTitle "EXT 2003"]
[Source "ChessBase"]
[SourceDate "2002.11.25"]
[SourceVersion "1"]
[SourceVersionDate "2002.11.25"]
[SourceQuality "1"]

1. d4 c5 2. d5 Nf6 3. c4 d6 4. Nc3 Bf5 5. Bg5 Nbd7 6. Nf3 h6 7. Bf4 g5 8. Bg3 Nh5 9. e4 Nxg3 10. hxg3 Bg4 11. Be2 Bg7 12. Qc2 Ne5 13. Nxe5 Bxe2 14. Nxf7 Kxf7 15. Qxe2 Rf8 16. 0-0 Qd7 17. Rab1 Rh8 18. Nd1 a5 19. Ne3 Raf8 20. Nf5 Bf6 21. Qh5+ Kg8 22. Qg6+ 1-0